LEADER 00902nam a2200217 i 4500 001 000000139818 003 CaOOAMICUS 005 20061026000000.0 008 061026s1993 it u000 u ita u 013 $a113951 040 $aSeMil$bita 100 1 $aRinaldi, Bonaventura,$c.$0(OLS)http://semarc/name/31363 245 10$aDonne mediterranee nel mare e nell'harem :$bper una storia al femminile /$cBonaventura Rinaldi. 260 $aClusone (Bg) :$bFerrari,$cstampa 1993. 300 $a240 p. :$bill. ;$c21 cm. 650 4$aDonne.$0(OLS)http://semarc/subject/4009 850 $aSeMil 852 $aSeMil$W1$xVenegono$y1$m3V III 6$j93208$B93208$CSeMilBibl$Z2$F117002 $81 961 $aRecupero: Altro 996 $6245$aDonne mediterranee nel mare e nell'harem :$bper una storia al femminile$9(OLS)http://semarc/title/204235 996 $6260$aClusone (Bg) :$bFerrari$9(OLS)http://semarc/publisher/32612 LEADER 01030nam a2200241 i 4500 001 000000167820 003 CaOOAMICUS 005 20071210000000.0 008 071210n it u000 u ita u 013 $a145219 040 $aSeMil$bita 100 1 $aStevan, Sergio,$c.$0(OLS)http://semarc/name/40322 245 10$aDalla santità desiderata alla povertà offerta /$cSergio Stevan. 260 $a[S.l. :$bs.n.],$c[2002]$e(Milano :$fBoniardi,$g[2002]) 300 $a31 p. ;$c18 cm. 490 0 $aQuaderni degli Oblati diocesani ;$vN.4 650 4$aOblati diocesani - Pastorale.$0(OLS)http://semarc/subject/31343 830 0$aQuaderni degli Oblati diocesani ;$vN.4.$0(OLS)http://semarc/title/24476 850 $aSeMil 852 $aSeMil$W1$xVenegono$y1$m5D V 15/2$j118956$B118956$CSeMilBibl$Z2$F129811 $81 961 $aOmaggio: Apeciti mons. Ennio 996 $6245$aDalla santità desiderata alla povertà offerta$9(OLS)http://semarc/title/240112 996 $6260$a[S.l. :$bs.n.]$9(OLS)http://semarc/publisher/29751